000 00372 a2200109 4500
001 ART_46017
005 20260410161731.0
008 260409a
245 1 0 _aPrácticas de buen gobierno corporativo en empresas argentinas
100 1 _aCorzo, Lilia José
773 0 _tEscritos contables y de administración
_g- Vol. 7, Nº 1 (ene./jun. 2016)
_wREV2758
999 _c17831
_d17831